000 00722nam a22002537a 4500
001 108265
003 UA-OsUOA
005 20200205205046.0
007 ta
008 20141014b un ||||| |||| 00| 0 ukr d
020 _a9665624865
040 _aUA-OsUOA
_bukr
_cUA-OsUOA
_dUA-OsUOA
041 _aukr
080 _a821.161.2
090 _a821.161.2
_bО-53
100 _aОленко Л.
245 _aЗелені дні: Ірка
_bповість
260 _aК.
_bФілядельфія
_c1952
_bКиїв
300 _a128 с.
650 7 _a82 Література. Літературознавство
_2UDC
942 _cBK
_2udc
955 _a3
999 _c394203
_d394203